000
00266nam a2200097Ia 4500
005
20251222114343.0
008
251222s1900||||xx |||||||||||||| ||spa||
082
_a
DVD0099/K26
245
0
_a
Clásicos de la Segunda Guerra Mundial: la caída del tercer Reich :
942
_c
DVD
999
_c
950
_d
950